Ventricular/vascular coupling : (Record no. 1901)
[ view plain ]
| 000 -LEADER | |
|---|---|
| fixed length control field | 01070nam a2200313 a 4500 |
| 003 - CONTROL NUMBER IDENTIFIER | |
| control field | ALUPE UNIVERSITY |
| 005 - DATE AND TIME OF LATEST TRANSACTION | |
| control field | 20210702055302.0 |
| 008 - FIXED-LENGTH DATA ELEMENTS--GENERAL INFORMATION | |
| fixed length control field | 890623s1987 nyu b 001 0 eng d |
| 020 ## - INTERNATIONAL STANDARD BOOK NUMBER | |
| International Standard Book Number | 0387962794 |
| 020 ## - INTERNATIONAL STANDARD BOOK NUMBER | |
| International Standard Book Number | 3540962794 |
| 040 ## - CATALOGING SOURCE | |
| Transcribing agency | DLC |
| 050 #0 - LIBRARY OF CONGRESS CALL NUMBER | |
| Classification number | RC669 |
| Item number | .V46 1987 |
| 060 #0 - NATIONAL LIBRARY OF MEDICINE CALL NUMBER | |
| Classification number | WG 102 V467 |
| 092 ## - LOCALLY ASSIGNED DEWEY CALL NUMBER (OCLC) | |
| Classification number | D0400229886 |
| 245 00 - TITLE STATEMENT | |
| Title | Ventricular/vascular coupling : |
| Remainder of title | clinical, physiological, and engineering aspects / |
| Statement of responsibility, etc. | edited by Frank C.P. Yin ; with contributions by A.P. Avolio ... [et. al.] |
| 260 ## - PUBLICATION, DISTRIBUTION, ETC. | |
| Place of publication, distribution, etc. | New York ; |
| -- | London : |
| Name of publisher, distributor, etc. | Springer-Verlag, |
| Date of publication, distribution, etc. | c1987. |
| 300 ## - PHYSICAL DESCRIPTION | |
| Extent | 406 p. : |
| Other physical details | ill. ; |
| Dimensions | 24 cm. |
| 504 ## - BIBLIOGRAPHY, ETC. NOTE | |
| Bibliography, etc. note | Includes bibliographies and index. |
| 650 #0 - SUBJECT ADDED ENTRY--TOPICAL TERM | |
| Topical term or geographic name entry element | Arteries |
| 650 #0 - SUBJECT ADDED ENTRY--TOPICAL TERM | |
| Topical term or geographic name entry element | Blood |
| General subdivision | Circulation |
| -- | Regulation |
| 650 #0 - SUBJECT ADDED ENTRY--TOPICAL TERM | |
| Topical term or geographic name entry element | Cardiovascular system |
| General subdivision | Diseases |
| 650 #0 - SUBJECT ADDED ENTRY--TOPICAL TERM | |
| Topical term or geographic name entry element | Heart |
| General subdivision | Ventricles |
| 650 #0 - SUBJECT ADDED ENTRY--TOPICAL TERM | |
| Topical term or geographic name entry element | Physiology, Pathological |
| 650 #0 - SUBJECT ADDED ENTRY--TOPICAL TERM | |
| Topical term or geographic name entry element | Cardiovascular system |
| General subdivision | Physiology |
| 700 1# - ADDED ENTRY--PERSONAL NAME | |
| Personal name | Yin, Frank C. P. |
| 700 1# - ADDED ENTRY--PERSONAL NAME | |
| Personal name | Avolio, A. P. |
| Fuller form of name | (Alberto P.) |
| 942 ## - ADDED ENTRY ELEMENTS (KOHA) | |
| Source of classification or shelving scheme | |
| Koha item type | Book |
| Suppress in OPAC | PW |
| Withdrawn status | Lost status | Source of classification or shelving scheme | Damaged status | Not for loan | Permanent Location | Current Location | Shelving location | Date acquired | Total Checkouts | Full call number | Barcode | Date last seen | Price effective from | Koha item type | Public note | Source of acquisition | Copy number |
|---|---|---|---|---|---|---|---|---|---|---|---|---|---|---|---|---|---|
| AU LIBRARY | AU LIBRARY | Open Shelf | 02.07.2021 | RC669 .V46 1987 | 28003215 | 02.07.2021 | 02.07.2021 | Book | PW | ||||||||
| AU LIBRARY | AU LIBRARY | Open Shelf | 17.03.2022 | RC669 .V46 1987 C2 | 28005781 | 17.03.2022 | 17.03.2022 | Book | PW | DONATION FROM MOI UNIVERSITY | 2 | ||||||
| AU LIBRARY | AU LIBRARY | Open Shelf | 18.03.2022 | RC669 .V46 1987 C3 | 28005799 | 18.03.2022 | 18.03.2022 | Book | SM | DONATION FROM MOI UNIVERSITY | 3 | ||||||
| AU LIBRARY | AU LIBRARY | Open Shelf | 27.03.2022 | RC669 .V46 1987 C4 | 28007039 | 27.03.2022 | 27.03.2022 | Book | MM | DONATION FROM MOI UNIVERSITY | 4 | ||||||
| AU LIBRARY | AU LIBRARY | Open Shelf | 29.03.2022 | RC669 .V46 1987 C5 | 28009123 | 29.03.2022 | 29.03.2022 | Book | SM | DONATION FROM MOI UNIVERSITY | 5 | ||||||
| AU LIBRARY | AU LIBRARY | Open Shelf | 01.04.2022 | RC669 .V46 1987 C6 | 28007429 | 01.04.2022 | 01.04.2022 | Book | JO | DONATION FROM MOI UNIVERSITY | 6 |